Lovu zdar! poľovnícky magazín
| Other Authors: | , , |
|---|---|
| Format: | Journal |
| Language: | Slovak |
| PhysicalDescription: | zv. 30 cm Od č. 9/2016 vychádza len v elektronickej podobe Od r. 2020 vychádza opäť v tlačenej podobe |
| Published: |
Bratislava
Šport Press Slovakia
2009-
Šamorín ITF Press Bratislava Lovu zdar Šamorín MEDIAWAVE Bratislava Media Wave 2020 Kostolné Kračany |
| ISSN: | 1337-9860 |
| Subjects: |
MARC
| LEADER | 00000cas a2200000 a 4500 | ||
|---|---|---|---|
| 001 | vtls009511353 | ||
| 003 | SK-MaSNL | ||
| 005 | 20260228155933.0 | ||
| 008 | 170420c20099999xo mr p 0 b0slo | ||
| 022 | |a 1337-9860 |y 1337-8960 | ||
| 035 | |a (SVKBB03)vtls000311409 | ||
| 040 | |a SNK |b slo |c SNK |d SVKBB |d SAVUK |e AACR2 | ||
| 041 | 0 | |a slo | |
| 044 | |a xo |c SK | ||
| 072 | 7 | |a 639.1 |x Poľovníctvo |2 konspekt | |
| 080 | |a 639.1 |2 2011 | ||
| 080 | |a 592/599 |2 2011 | ||
| 080 | |a 050 |2 2011 | ||
| 210 | 0 | |a Lovu zdar |b (Tlačené vyd.) | |
| 222 | 0 | |a Lovu zdar |b (Tlačené vydanie) | |
| 245 | 0 | 0 | |a Lovu zdar! |b poľovnícky magazín |
| 260 | |a Bratislava |b Šport Press Slovakia |c 2009- | ||
| 260 | 2 | |3 2010-2014 |a Šamorín |b ITF Press | |
| 260 | 2 | |3 2015-3/2016 |a Bratislava |b Lovu zdar | |
| 260 | 3 | |3 4/2016-8/2016 |a Šamorín |b MEDIAWAVE | |
| 260 | 3 | |3 1/2020-9/2020 |a Bratislava |b MEDIAWAVE | |
| 260 | 3 | |3 10/2020- |a Kostolné Kračany |b Media Wave 2020 | |
| 300 | |a zv. |c 30 cm | ||
| 310 | |a 12x ročne | ||
| 362 | 0 | |a Roč. I., č. 1 (máj/jún 2009)-roč. VIII., č. 8 (aug. 2016) ; roč. XI., č. 1 (2020)- | |
| 500 | |a Evidenčné č.: EV 2843/08 | ||
| 500 | |a Šéfredaktorka: 2009-2015, Marianna Hrabinská ; 2016, Henrieta Halasová-Bakošová ; 2020- , Zsolt Puha | ||
| 500 | |a Neskorší podnázov: poľovnícky magazín mesačník o poľovníctve a prírode | ||
| 515 | |a Niektoré čísla vychádzajú ako dvojčíslo | ||
| 530 | |a Od č. 9/2016 vychádza len v elektronickej podobe | ||
| 530 | |a Od r. 2020 vychádza opäť v tlačenej podobe | ||
| 650 | 0 | 7 | |a poľovníctvo |2 SNKPH |9 2774 |
| 650 | 0 | 7 | |a zvieratá |2 SNKPH |9 1091 |
| 655 | 7 | |a špecializované časopisy |2 SNKPH |9 70509 | |
| 700 | 1 | |a Hrabinská, Marianna |4 pbd |9 265629 | |
| 700 | 1 | |a Halasová-Bakošová, Henrieta |4 pbd |9 265630 | |
| 700 | 1 | |a Puha, Zsolt |4 pbd |9 265631 | |
| 910 | |a snk | ||
| 910 | |a savuk | ||
| 916 | |a 2009-2015-2016 | ||
| 958 | |a OND | ||
| 999 | |c 941 |d 941 | ||
| 952 | |0 0 |1 0 |4 0 |7 0 |8 0 |a SNK |b SNK |d 2022-06-15 |i snk2022/9770 |l 0 |o snkČSB 6034/11/2020/1 |p 17A1463421 |r 2026-02-21 20:00:53 |t č. jan.-jún |w 2026-02-21 |y PREZ | ||
| 952 | |0 0 |1 0 |4 0 |7 0 |8 0 |a SNK |b SNK |d 2022-06-15 |i snk2022/9771 |l 0 |o snkČSB 6034/11/2020/2 |p 17A1463422 |r 2026-02-21 20:00:53 |t č. júl-dec. |w 2026-02-21 |y PREZ | ||
| 952 | |0 0 |1 0 |4 0 |7 0 |8 0 |a SNK |b SNK |d 2022-06-15 |i snk2022/9772 |l 0 |o snkČSB 6034/12/2021/1 |p 17A1463423 |r 2026-02-21 20:00:53 |t č. jan.-jún |w 2026-02-21 |y PREZ | ||
| 952 | |0 0 |1 0 |4 0 |7 0 |8 0 |a SNK |b SNK |d 2022-06-15 |i snk2022/9774 |l 0 |o snkČSB 6034/12/2021/2 |p 17A1463424 |r 2026-02-21 20:00:53 |t č. júl-dec. |w 2026-02-21 |y PREZ | ||
| 952 | |0 0 |1 0 |4 0 |7 0 |8 0 |a SNK |b SNK |d 2015-10-07 |f 1 |i snk2015/28104 |l 0 |o snkČSB 6034/1/2009 |p 17A1146544 |r 2026-02-21 20:53:09 |t č. máj-dec. |w 2026-02-21 |y PREZ | ||
| 952 | |0 0 |1 0 |4 0 |7 0 |8 0 |a SNK |b SNK |d 2015-10-07 |i snk2015/28105 |l 0 |o snkČSB 6034/1/2009 D1 |p 17A1146545 |r 2026-02-21 20:53:10 |t č. máj-dec., neúplné |w 2026-02-21 |y PREZ |z chýba máj-jún (č. 1) | ||
| 952 | |0 0 |1 0 |4 0 |7 0 |8 0 |a SNK |b SNK |d 2015-10-07 |f 1 |i snk2015/28106 |l 0 |o snkČSB 6034/2/2010 |p 17A1146546 |r 2026-02-21 20:53:10 |t č. jan.-dec. |w 2026-02-21 |y PREZ | ||
| 952 | |0 0 |1 0 |4 0 |7 0 |8 0 |a SNK |b SNK |d 2015-10-07 |i snk2015/28107 |l 0 |o snkČSB 6034/2/2010 D1 |p 17A1146547 |r 2026-02-21 20:53:10 |t č. jan.-dec. |w 2026-02-21 |y PREZ | ||
| 952 | |0 0 |1 0 |4 0 |7 0 |8 0 |a SNK |b SNK |d 2015-10-07 |f 1 |i snk2015/28108 |l 0 |o snkČSB 6034/3/2011 |p 17A1146548 |r 2026-02-21 20:53:10 |t č. jan.-dec. |w 2026-02-21 |y PREZ | ||
| 952 | |0 0 |1 0 |4 0 |7 0 |8 0 |a SNK |b SNK |d 2015-10-07 |i snk2015/28109 |l 0 |o snkČSB 6034/3/2011 D1 |p 17A1146549 |r 2026-02-21 20:53:10 |t č. jan.-dec. |w 2026-02-21 |y PREZ | ||
| 952 | |0 0 |1 0 |4 0 |7 0 |8 0 |a SNK |b SNK |d 2015-10-07 |f 1 |i snk2015/28110 |l 0 |o snkČSB 6034/4/2012 |p 17A1146550 |r 2026-02-21 20:53:10 |t č. jan.-dec. |w 2026-02-21 |y PREZ | ||
| 952 | |0 0 |1 0 |4 0 |7 0 |8 0 |a SNK |b SNK |d 2015-10-07 |i snk2015/28111 |l 0 |o snkČSB 6034/4/2012 D1 |p 17A1146551 |r 2026-02-21 20:53:10 |t č. jan.-dec. |w 2026-02-21 |y PREZ | ||
| 952 | |0 0 |1 0 |4 0 |7 0 |8 0 |a SNK |b SNK |d 2015-10-07 |f 1 |i snk2015/28112 |l 0 |o snkČSB 6034/5/2013 |p 17A1146552 |r 2026-02-21 20:53:10 |t č. jan.-dec. |w 2026-02-21 |y PREZ | ||
| 952 | |0 0 |1 0 |4 0 |7 0 |8 0 |a SNK |b SNK |d 2015-10-07 |i snk2015/28113 |l 0 |o snkČSB 6034/5/2013 D1 |p 17A1146553 |r 2026-02-21 20:53:10 |t č. jan.-dec. |w 2026-02-21 |y PREZ | ||
| 952 | |0 0 |1 0 |4 0 |7 0 |8 0 |a SNK |b SNK |d 2015-10-07 |f 1 |i snk2015/28114 |l 0 |o snkČSB 6034/6/2014 |p 17A1146554 |r 2026-02-21 20:53:10 |t č. jan.-dec. |w 2026-02-21 |y PREZ | ||
| 952 | |0 0 |1 0 |4 0 |7 0 |8 0 |a SNK |b SNK |d 2015-10-07 |i snk2015/28115 |l 0 |o snkČSB 6034/6/2014 D1 |p 17A1146555 |r 2026-02-21 20:53:10 |t č. jan.-dec. |w 2026-02-21 |y PREZ | ||
| 952 | |0 0 |1 0 |4 0 |7 0 |8 0 |a SNK |b SNK |d 2025-04-07 |i snk2025/5968 |l 0 |o snkČSB 6034/13/2022/1 D1 |p 17A1555885 |r 2026-02-21 21:11:19 |t č. jan.-jún |w 2026-02-21 |y PREZ |z Na obálke č. 1 je uvedený ročník 12 a v tiráži ročník 13. | ||
| 952 | |0 0 |1 0 |4 0 |7 0 |8 0 |a SNK |b SNK |d 2025-04-07 |i snk2025/5970 |l 0 |o snkČSB 6034/13/2022/2 D1 |p 17A1555886 |r 2026-02-21 21:11:20 |t č. júl-dec. |w 2026-02-21 |y PREZ | ||
| 952 | |0 0 |1 0 |4 0 |7 0 |8 0 |a SNK |b SNK |d 2023-09-29 |i snk2023/14029 |l 0 |o snkČSB 6034/11/2020/1 D1 |p 17A1521529 |r 2026-02-21 21:40:05 |t č. jan.-jún |w 2026-02-21 |y PREZ | ||
| 952 | |0 0 |1 0 |4 0 |7 0 |8 0 |a SNK |b SNK |d 2023-09-29 |i snk2023/14032 |l 0 |o snkČSB 6034/11/2020/2 D1 |p 17A1521530 |r 2026-02-21 21:40:05 |t č. júl-dec. |w 2026-02-21 |y PREZ | ||
| 952 | |0 0 |1 0 |4 0 |7 0 |8 0 |a SNK |b SNK |d 2023-09-29 |i snk2023/14035 |l 0 |o snkČSB 6034/12/2021/1 D1 |p 17A1521531 |r 2026-02-21 21:40:05 |t č. jan.-jún |w 2026-02-21 |y PREZ | ||
| 952 | |0 0 |1 0 |4 0 |7 0 |8 0 |a SNK |b SNK |d 2023-09-29 |i snk2023/14036 |l 0 |o snkČSB 6034/12/2021/2 D1 |p 17A1521532 |r 2026-02-21 21:40:06 |t č. júl-dec. |w 2026-02-21 |y PREZ | ||
| 952 | |0 0 |1 0 |4 0 |7 0 |8 0 |a SNK |b SNK |d 2023-09-29 |i snk2023/14037 |l 0 |o snkČSB 6034/13/2022/1 |p 17A1521533 |r 2026-02-21 21:40:06 |t č. jan.-jún |w 2026-02-21 |y PREZ | ||
| 952 | |0 0 |1 0 |4 0 |7 0 |8 0 |a SNK |b SNK |d 2023-09-29 |i snk2023/14040 |l 0 |o snkČSB 6034/13/2022/2 |p 17A1521534 |r 2026-02-21 21:40:06 |t č. júl-dec. |w 2026-02-21 |y PREZ | ||
| 952 | |0 0 |1 0 |4 0 |7 0 |8 0 |a SNK |b SNK |d 2016-02-22 |f 1 |i snk2016/4879 |l 0 |o snkČSB 6034/7/2015 |p 17A1098500 |r 2026-02-21 22:02:23 |t č. jan.-dec. |w 2026-02-21 |y PREZ | ||
| 952 | |0 0 |1 0 |4 0 |7 0 |8 0 |a SNK |b SNK |d 2016-02-22 |i snk2016/4882 |l 0 |o snkČSB 6034/7/2015 D1 |p 17A1098501 |r 2026-02-21 22:02:23 |t č. jan.-dec. |w 2026-02-21 |y PREZ | ||
| 952 | |0 0 |1 0 |4 0 |7 0 |8 0 |a SNK |b SNK |d 2017-04-19 |f 1 |i snk2017/9171 |l 0 |o snkČSB 6034/8/2016 |p 17A1205963 |r 2026-02-21 22:10:45 |t č. jan.-aug. |w 2026-02-21 |y PREZ | ||
| 952 | |0 0 |1 0 |4 0 |7 0 |8 0 |a SNK |b SNK |d 2017-04-19 |i snk2017/9173 |l 0 |o snkČSB 6034/8/2016 D1 |p 17A1205964 |r 2026-02-21 22:10:45 |t č. jan.-aug. |w 2026-02-21 |y PREZ | ||


